| 000 | 00393nam a2200193Ia 4500 | ||
|---|---|---|---|
| 001 | 003797 | ||
| 003 | YMCAF | ||
| 005 | 20230512160234.0 | ||
| 008 | 100717s9999 ||||||||||||||||| ||und|d | ||
| 024 | _a3797 | ||
| 035 | _a3801 | ||
| 040 |
_aYMCAF _beng _cIN-KoLT |
||
| 041 | _aeng | ||
| 100 | _aCurriculum Dev | ||
| 245 | 0 | _aDesk work | |
| 250 | _a1971 | ||
| 300 | _a1138 | ||
| 942 |
_2ddc _cBK |
||
| 999 |
_c3006 _d3006 |
||